000
00262nam a22001097a 4500
008
240530b |||||||| |||| 00| 0 eng d
100
_a
Nasim, Ahmed
_9
14904
245
_a
Dard jo Shahar
260
_a
Hyderabad:
_b
Suhmi,Pub;
_c
1968.
300
_a
103p.
942
_c
BK
999
_c
39291
_d
39291